00417nam a2200133 a 450000100100000000500170001000800410002704000250006808200160009310000240010924500600013326000550019330000350024800001987220200929170155.0100708s1973 ag ac r 000 0 spa d aDO-SdBNPbspacBNPHu axxxxbN424b1 aNelson, Ted,d1937-13aEl boxer :bperro del hogar y de defensa /cTed Nelson. aBuenos Aires, Argentina :bEditorial Caymi,c1973. a93 p. :bil., retrs. ;c24 cm.